000 00874nam a22002537a 4500
003 DO-SdBNP
005 20220412115755.0
007 ta
008 220131e2001 dr ||||gr|||| 001 0 spa d
020 _a9789993472050
040 _aDO-SdBNP
_bspa
_cBNPHU
082 4 _222
_bM475c
100 1 _aMasa Miguel, Manuel
_981059
245 1 0 _aCruzando encrucijadas /
_cManuel Pablo Maza Miquel ; corrección y supervisión José Alfredo Guerrero.
260 _aSanto Domingo :
_bTaller,
_c2001
300 _a156 p. :
_c23 cm.
490 _aInstituto Filosófico Pedro Francisco Bonó
500 _aIncluye referencias bibliográficas y notas al pie de las páginas.
590 _aInventariado, 2022 /LP
700 1 _aGuerrero, José Alfredo,
_ecorr.
_952123
830 _aInstituto Filosófico Pedro Francisco Bonó
_981062
910 _aLopérez.
942 _2ddc
_cLBS1
999 _c51268
_d51268